000 01117cam a2200313 i 4500
999 _c2780
_d2780
001 18479299
003 GZU
005 20201106090403.0
008 150203s2016 cau b 001 0 eng
010 _a 2015932609
020 _a9781483376165 (pbk. : alk. paper)
040 _aDLC
_beng
_erda
_cDLC
042 _apcc
050 0 0 _aJA86
_b.B24 2016
100 1 _aBaglione, Lisa A.,
_d1962-
245 1 0 _aWriting a research paper in political science :
_ba practical guide to inquiry, structure, and methods /
_cLisa A. Baglione, Saint Joseph's University.
250 _aThird edition.
260 _aLos Angeles :
_bSage/CQ Press,
_c[2016]
300 _axvi, 206 pages ;
_c23 cm
336 _atext
_btxt
_2rdacontent
337 _aunmediated
_bn
_2rdamedia
338 _avolume
_bnc
_2rdacarrier
504 _aIncludes bibliographical references (pages 191-195) and index.
650 0 _aPolitical science
_xAuthorship.
650 0 _aPolitical science
_xResearch.
906 _a7
_bcbc
_corignew
_d2
_eepcn
_f20
_gy-gencatlg
942 _2lcc
_cBK
_e3rd ed.
_h86
_iBAG
_kJA
_m2016